|
|
|
|
| LEADER |
01209nam a2200277 a 4500 |
| 003 |
BD-DhAAL |
| 005 |
20151122123206.0 |
| 008 |
151123s1995 bg b 000 0 beno |
| 010 |
|
|
|a 95901580
|
| 020 |
|
|
|a 9848141022 :
|c Tk100.00
|
| 040 |
|
|
|a DLC
|c DLC
|d BD-DhAAL
|
| 050 |
0 |
0 |
|a HC440.8
|b .H67 1995
|
| 082 |
|
|
|a 362.5/095492
|
| 100 |
1 |
|
|a হোসেন, আমজাদ
|9 16463
|
| 245 |
1 |
0 |
|a বাংলাদেশের উন্নয়ন ও দারিদ্র্য দূরীকরণের রাজনৈতিক অর্থনীতি /
|c আমজাদ হোসেন.
|
| 260 |
|
|
|a ঢাকা :
|b পড়ুয়া,
|c ১৯৯৫.
|
| 300 |
|
|
|a ১৬৮ পৃ. ;
|c ২৩ সে.মি.
|
| 500 |
|
|
|a In Bengali.
|
| 504 |
|
|
|a Includes bibliographical references (p. 163-168).
|
| 520 |
|
|
|a On economic development and poverty alleviation in Bangladesh.
|
| 541 |
|
|
|e 1858
|
| 650 |
|
0 |
|a Poverty
|z Bangladesh.
|9 16464
|
| 651 |
|
0 |
|a Bangladesh
|x Economic policy.
|9 16465
|
| 942 |
|
|
|2 ddc
|c BK
|
| 999 |
|
|
|c 36275
|d 36275
|
| 952 |
|
|
|0 0
|1 0
|2 ddc
|4 0
|6 362_500000000000000_095492_HOS
|7 0
|9 57021
|a SCL
|b SCL
|c GEN
|d 2015-11-22
|g 100.00
|l 0
|o 362.5095492 HOS
|p 3020001858
|r 2015-11-22
|t 1
|w 2015-11-22
|y BK
|